000 00780nam a22002057a 4500
999 _c16025
_d16025
003 AR-CdUCM
008 190430b ||||| |||| 00| 0 spa d
040 _aMUNICIPALIDAD PROVINCIAL DEL CUSCO
_cBIBLIOTECA MUNICIPAL DEL CUSCO
082 _a146 /
_bF39
100 _aFerri, Enrique
_929869
245 _aCiencia positiva /
260 _aBuenos Aires :
_bTor,
300 _a127 páginas ;
_c18 cm.
505 _aContenido: Falsas contradicciones entre el darwinismo y el socialismo -- Conexiones entre el darwinismo y el socialismo -- Conexiones entre el socialismo y el evolucionismo de Spencer -- La obra de Marx.
650 _aFilosofía
_9395
650 _aPositivismo
_9521
700 _aConca, A. (traducción)
_935298
942 _2ddc
_cLIBROS
945 _aacv
_d2019-04-30